ma meilleure ennemie - stromae and pomme - Statistics

General Stats
  • This quiz has been taken 78 times
  • The average score is 232 of 297
Answer Stats
Answer % Correct
me
98%
ma
97%
meilleure
97%
le
92%
en
91%
pire
91%
ennemie
89%
et
89%
je
89%
moi
89%
la
88%
t'ai
88%
t'aime
88%
te
88%
ce
86%
toi
86%
arrivé
83%
(arrivé)
83%
c'est
83%
mais
83%
83%
ou
83%
aussi
81%
ne
81%
"ne
81%
tu
81%
de
80%
fuis
80%
qui
80%
chose
78%
mal
78%
t'es
77%
des
75%
hais
75%
plus
75%
dit
73%
jour
73%
belle
72%
bénédictions
72%
malédictions
72%
m'est
70%
que
70%
se
70%
arrivée
69%
"encore
69%
encore
69%
il
69%
voix
69%
les
66%
si
66%
prénom
64%
prénom?
64%
soit
64%
quand
63%
sais
63%
ton
63%
être
61%
jamais
61%
mieux
61%
oublie
61%
préféré
61%
adversaires"
59%
cherches
59%
peut
59%
seul
59%
vaut
59%
accompagne"
56%
amis
56%
chers"
56%
dicton
56%
pas
56%
près
56%
blesse
55%
comme
55%
c'qu'on
55%
j'aurais
55%
"plutôt
55%
pourquoi
55%
haine
53%
qu'être
53%
dans
52%
j'entends
52%
d'tes
50%
m'éloigner
50%
quelle
50%
arrière"
48%
émotion?
48%
"sois
48%
douceur
47%
guerre
47%
fait
45%
j'devrais
45%
l'espace?
45%
regarde
45%
cache
44%
passé
44%
juste
41%
t'avais
39%
suit
36%
d'la
23%
ooh
9%
rencontréе
0%
No matching quizzes found
Score Distribution
Percent of People with Each Score
Percentile by Number Answered
Your Score History
You have not taken this quiz